书目信息 |
| 题名: |
防骗经
|
|
| 作者: | 田由申 编著 | |
| 分册: | ||
| 出版信息: | 北京 中国商业出版社 2010 |
|
| 页数: | 281页 | |
| 开本: | 24cm | |
| 丛书名: | ||
| 单 册: | ||
| 中图分类: | C913.8 | |
| 科图分类: | ||
| 主题词: | 诈骗--鉴别--通俗读物 , 诈骗 | |
| 电子资源: | ||
| ISBN: | 978-7-5044-7033-1 | |
| 000 | 00773nam0 2200241 45 | |
| 001 | 1133573859 | |
| 005 | 20110411171004.53 | |
| 010 | @a978-7-5044-7033-1@dCNY33.00 | |
| 100 | @a20110406d2010 em y0chiy0120 ea | |
| 101 | 0 | @achi |
| 102 | @aCN@b110000 | |
| 105 | @ay z 000yy | |
| 106 | @ar | |
| 200 | 1 | @a防骗经@AFang Pian Jing@e最新版@EZui Xin Ban@f田由申编著@FTian You Shen Bian Zhu |
| 210 | @a北京@c中国商业出版社@d2010 | |
| 215 | @a281页@d24cm | |
| 330 | @a本书详细解析了骗子的惊天骗术,深刻揭露了各类骗局的阴险,并教你防骗的妙招以及识破骗子的方法,让骗子无处遁形。 | |
| 606 | 0 | @a诈骗@x鉴别@j通俗读物 |
| 606 | 0 | @a诈骗 |
| 690 | @aC913.8@v4 | |
| 701 | 0 | @a田由申@ATian You Shen@4编著 |
| 801 | 0 | @aCN@bTANGWEI@c20110411 |
| 905 | @b0534798-802@dC913.8@e727@f5 | |
| 防骗经:最新版/田由申编著.-北京:中国商业出版社,2010 |
| 281页;24cm |
| ISBN 978-7-5044-7033-1:CNY33.00 |
| 本书详细解析了骗子的惊天骗术,深刻揭露了各类骗局的阴险,并教你防骗的妙招以及识破骗子的方法,让骗子无处遁形。 |
| ● |
| 相关链接 |
|
|
|
|
正题名:防骗经
索取号:C913.8/727
 
预约/预借
| 序号 | 登录号 | 条形码 | 馆藏地/架位号 | 状态 | 备注 |
| 1 | 0534798 | 205347980 | 第一样本阅览室/ [索取号:C913.8/727] | 在馆 | |
| 2 | 0534799 | 205347999 | 第一借阅区/ [索取号:C913.8/727] | 在馆 | |
| 3 | 0534800 | 205348006 | 第一借阅区/ [索取号:C913.8/727] | 在馆 | |
| 4 | 0534801 | 205348015 | 第一借阅区/ [索取号:C913.8/727] | 在馆 | |
| 5 | 0534802 | 205348024 | 第一借阅区/ [索取号:C913.8/727] | 在馆 |